|
|
|
|
| LEADER |
02853nam a22004575i 4500 |
| 001 |
978-90-481-9698-2 |
| 003 |
DE-He213 |
| 005 |
20151204152057.0 |
| 007 |
cr nn 008mamaa |
| 008 |
101112s2011 ne | s |||| 0|eng d |
| 020 |
|
|
|a 9789048196982
|9 978-90-481-9698-2
|
| 024 |
7 |
|
|a 10.1007/978-90-481-9698-2
|2 doi
|
| 040 |
|
|
|d GrThAP
|
| 050 |
|
4 |
|a P1-1091
|
| 072 |
|
7 |
|a CBX
|2 bicssc
|
| 072 |
|
7 |
|a LAN009000
|2 bisacsh
|
| 072 |
|
7 |
|a FOR000000
|2 bisacsh
|
| 082 |
0 |
4 |
|a 410
|2 23
|
| 100 |
1 |
|
|a Rezac, Milan.
|e author.
|
| 245 |
1 |
0 |
|a Phi-features and the Modular Architecture of Language
|h [electronic resource] /
|c by Milan Rezac.
|
| 264 |
|
1 |
|a Dordrecht :
|b Springer Netherlands :
|b Imprint: Springer,
|c 2011.
|
| 300 |
|
|
|a XVII, 326 p.
|b online resource.
|
| 336 |
|
|
|a text
|b txt
|2 rdacontent
|
| 337 |
|
|
|a computer
|b c
|2 rdamedia
|
| 338 |
|
|
|a online resource
|b cr
|2 rdacarrier
|
| 347 |
|
|
|a text file
|b PDF
|2 rda
|
| 490 |
1 |
|
|a Studies in Natural Language and Linguistic Theory,
|x 0924-4670 ;
|v 81
|
| 505 |
0 |
|
|a Acknowledgments -- Conventions and glosses -- Preface -- 1 Modularity, phi-features, and repairs -- 2 Phi-features in realizational morphology -- 3 Person Hierarchy interactions in syntax -- 4 Person Case Constraint repairs in French -- 5 Repairs and uninterpretable features -- 6 Phi in syntax and phi interpretation -- Name and Subject index.
|
| 520 |
|
|
|a This monograph investigates the modular architecture of language through the nature of "uninterpretable" phi-features: person, number, gender, and Case. It provides new tools and evidence for the modular architecture of the human language faculty, a foundational topic of linguistic research. At the same time it develops a new theory for one of the core issues posed by the Minimalist Program: the relationship of syntax to its interfaces and the nature of uninterpretable features. The work sets out to establish a new cross-linguistic phenomenon to study the foregoing, person-governed last-resort repairs, which provides new insights into the nature of ergative/accusative Case and of Case licensing itself. This is the first monograph that explicitly addresses the syntactic vs. morphological status of uninterpretable phi-features and their relationship to interface systems in a similar way, drawing on person-based interactions among arguments as key data-base.
|
| 650 |
|
0 |
|a Linguistics.
|
| 650 |
|
0 |
|a Syntax.
|
| 650 |
1 |
4 |
|a Linguistics.
|
| 650 |
2 |
4 |
|a Linguistics, general.
|
| 650 |
2 |
4 |
|a Syntax.
|
| 710 |
2 |
|
|a SpringerLink (Online service)
|
| 773 |
0 |
|
|t Springer eBooks
|
| 776 |
0 |
8 |
|i Printed edition:
|z 9789048196975
|
| 830 |
|
0 |
|a Studies in Natural Language and Linguistic Theory,
|x 0924-4670 ;
|v 81
|
| 856 |
4 |
0 |
|u http://dx.doi.org/10.1007/978-90-481-9698-2
|z Full Text via HEAL-Link
|
| 912 |
|
|
|a ZDB-2-SHU
|
| 950 |
|
|
|a Humanities, Social Sciences and Law (Springer-11648)
|